000 00726nam a2200229 a 4500
001 18525
003 BD-RjUL
005 20211209000310.0
008 140220s1947 enk 001 1 eng d
035 _a(BD-RjUL)18583
040 _aANL
_beng
_cANL
_dBD-RjUL
041 _aeng
082 0 4 _a821.7
_bDUW 1947
100 1 _aDuffin, Henry Charles,
_d1884-
_957097
245 1 4 _aThe way of happiness :
_ba reading of Wordsworth /
_cby Henry Charles Duffin.
260 _aLondon :
_bSidgwick and Jackson,
_c1947.
300 _aviii, 128 p. ;
_c18 cm.
504 _aIncludes index.
600 1 0 _aWordsworth, William,
_d1770-1850
_xCriticism and interpretation.
_957109
650 0 _aHappiness in literature.
_957099
942 _2ddc
_cBK
999 _c18525
_d18525